000 00482nam a2200181Ia 4500
005 20250508150941.0
008 008 250505s9999 xx 000 0 eng d
037 _aTextual
040 _aFEDL
_beng
_cFEDL
041 _aeng
_2eng
084 _a954, HAR
_qFEDL
100 _aHartog Lady
_9758021
245 0 _aIndia in outline
260 _aCambridge
_bCambridge University Press
_c1945
300 _a110p.
942 _cTEXL
_h954, HAR
999 _c1326677
_d1326677